000 00535nam a2200169 i 4500
001 34177
003 ES-MaACL
005 20230906154904.0
007 t|
008 030204s1910 sp f |||| | spa d
100 1 _aBlanco y Sánchez, Rufino.
_929311
245 1 0 _aArte de la escritura y de la caligrafía
_b: teoría y práctica /
_cpor Rufino Blanco y Sánchez.
260 _aMadrid :
_b[s.n.,
_c1910] (
_fImp. de J. Palacios)
300 _a312 p., 44 lám. ;
_c18 cm.
650 0 4 _aCaligrafía.
_910684
852 _aES-MaACL
_jF-13006
999 _c34177
_d34177